000 00829nmm a2200265 a 4500
001 ocm000651488
003 TR-IsHL
005 20201028141258.0
008 131226s2003 tu tur
007 cr cn
020 _a9789757699149
035 _a651488
_b(N$T)
050 0 4 _aTX725.T9
_bS43 2003
090 0 4 _aTX725.T9
_bS43 2003
245 1 0 _aSeçme Türk yemekleri
_h[electronic resource] /
_chaz. Berrin Ardakoç
260 _aİstanbul :
_bGeçit Kitabevi,
_c2003
300 _a416 p.
650 4 _aGenel Çalışmalar
650 4 _aGeneral Works
650 0 _aAşçılık, Türk
650 0 _aCooking, Turkey
650 7 _aCOOKING / Regional & Ethnic / Turkish
_2bisacsh
700 1 _aArdakoç, Berrin
856 4 0 _uhttp://search.ebscohost.com/login.aspx?direct=true&scope=site&db=e011xww&AN=651488
999 _c7732
_d7732